00366nam a2200169Ia 4500008004000000020001800040041000800058082001600066100001600082245002800098260002000126300001400146650000900160650000900169650001000178650000800188210210b2015 xxu||||| |||| 00| 0 eng d a9780356500157 aeng a823.92 CARG aCAREY (M R) aGirl with all the gifts aUKbOrbitc2015 aviiii,502 awith aGirl agifts aall